000 00666nam a2200277Ia 4500
005 20260324133853.0
008 008 260324s9999 xx 000 0 eng d
020 _a9780203471807
037 _aEBOOK
040 _aCRL
040 _beng
040 _cCRL
041 _2eng
041 _aeng
084 _qCRL
100 _aDiane K. Mauzy; R. S. Milne
_91194704
245 0 _aSingapore Politics Under the People's Action Party
260 _bTaylor and Francis
260 _c2002
365 _a
365 _b325
856 _uhttp://www.taylorfrancis.com/books/9780203471807
942 _cEBOOK
999 _c1794195
_d1794195